<?xml version="1.0" encoding="UTF-8"?>
<marc:record xmlns:marc="http://www.loc.gov/MARC21/slim">
   <marc:leader>00000nam a2200000 a 4500</marc:leader>
   <marc:datafield ind1="1" ind2=" " tag="100">
      <marc:subfield code="a">Hunter, Erin</marc:subfield>
      <marc:subfield code="4">aut</marc:subfield>
      <marc:subfield code="e">Verfasser/-in</marc:subfield>
   </marc:datafield>
   <marc:datafield ind1="0" ind2="0" tag="245">
      <marc:subfield code="a">Warrior Cats - Vision von Schatten</marc:subfield>
   </marc:datafield>
   <marc:datafield ind1="0" ind2="0" tag="245">
      <marc:subfield code="b">; Donner und Schatten Staffel [VI Band 2]</marc:subfield>
   </marc:datafield>
   <marc:datafield ind1=" " ind2="1" tag="264">
      <marc:subfield code="b">Beltz und Gelberg</marc:subfield>
      <marc:subfield code="c">2017</marc:subfield>
   </marc:datafield>
   <marc:datafield ind1="1" ind2=" " tag="490">
      <marc:subfield code="a">Warrior Cats VI - Donner und Schatten</marc:subfield>
   </marc:datafield>
   <marc:datafield ind1="1" ind2=" " tag="520">
      <marc:subfield code="a">Den WolkenClan konnten Erlenpfote und Funkenpfote auf ihrer Mission nicht finden, aber sie haben zwei verlassene Junge mitgebracht. Das eine lebt beim DonnerClan, das andere beim SchattenClan. Leider gibt es nur wenig Hoffnung für eine Wiedervereinigung der Geschwister, da die Anspannung zwischen den Clans angesichts einer neuen Bedrohung steigt: Die gleiche bösartige Gruppe von Streunern, die den WolkenClan vertrieben hatte, ist Erlenpfote in die Clan-Gebiete gefolgt.</marc:subfield>
   </marc:datafield>
   <marc:datafield ind1=" " ind2=" " tag="020">
      <marc:subfield code="a">9783407822215</marc:subfield>
      <marc:subfield code="9">9783407822215</marc:subfield>
   </marc:datafield>
</marc:record>
